000 00535nam a2200169Ia 4500
003 GCL
008 140319s9999 xx 000 0 ara d
040 _aGCL /
_cGCL
082 0 4 _a658.3
_bز ا
100 1 _aزكى محمود هاشم
245 1 0 _aالاتجاهات الحديثة فى ادارة الافراد - العلاقات الانسانية /
_cزكى محمود هاشم
300 _a311 ص
490 _a100 قصة
_v0
650 0 4 _aادارة الاعمال
650 0 4 _aادارة الافراد
942 _2ddc
_cBK
999 _c43561
_d43561